000 00434nam a2200169Ia 4500
008 090711s9999 xx 000 0 und d
082 _b77751
100 _aयादव मारुती
245 _aआदर्श
260 _c1995
300 _a104
600 _aयादव मारुती
630 _aआदर्श
700 _aयादव मारुती
730 _aआदर्श
942 _cBOOK
999 _c313953
_d313953